Farebná nádhera na balkóne (Record no. 22955)
[ view plain ]
| 000 -LEADER | |
|---|---|
| fixed length control field | 01439nam a2200385 a 4500 |
| 001 - CONTROL NUMBER | |
| control field | 22955 |
| 003 - CONTROL NUMBER IDENTIFIER | |
| control field | SK-KTurca |
| 005 - DATE AND TIME OF LATEST TRANSACTION | |
| control field | 20260513074849.0 |
| 008 - FIXED-LENGTH DATA ELEMENTS--GENERAL INFORMATION | |
| fixed length control field | 251113s2000 xo ae r y 0 slo |
| 015 ## - NATIONAL BIBLIOGRAPHY NUMBER | |
| National bibliography number | SNBA2001/08-02777 |
| 020 ## - INTERNATIONAL STANDARD BOOK NUMBER | |
| International Standard Book Number | 8088963362 |
| 035 ## - SYSTEM CONTROL NUMBER | |
| System control number | SNK000364838 |
| 040 ## - CATALOGING SOURCE | |
| Original cataloging agency | SNK |
| Language of cataloging | slo |
| Transcribing agency | SNK |
| Description conventions | AACR2 |
| 041 0# - LANGUAGE CODE | |
| Language code of text/sound track or separate title | slo |
| 044 ## - COUNTRY OF PUBLISHING/PRODUCING ENTITY CODE | |
| MARC country code | xo |
| ISO country code | SK |
| 080 ## - UNIVERSAL DECIMAL CLASSIFICATION NUMBER | |
| Universal Decimal Classification number | 635.92(084.12) |
| Edition identifier | 1981 |
| 100 1# - MAIN ENTRY--PERSONAL NAME | |
| Personal name | Strauss, Friedrich |
| Relationship | fot |
| 240 10 - UNIFORM TITLE | |
| Uniform title | Balkonblumen- Farbenpracht |
| Language of a work | Slovensky |
| 245 1# - TITLE STATEMENT | |
| Title | Farebná nádhera na balkóne |
| Remainder of title | námety na pôsobivé rastlinné a kvetinové zostavy : základy teórie farieb : najkrajšie rastliny podľa jednotlivých farieb s údajmi o čase kvitnutia |
| Statement of responsibility, etc. | Friedrich Strauss ; kresby Marlene Gemkeová ; [z nemeckého originálu preložili Mária Jakubičková a Jana Katriaková] |
| 260 ## - PUBLICATION, DISTRIBUTION, ETC. | |
| Place of publication, distribution, etc. | [Bratislava] |
| Name of publisher, distributor, etc. | Media klub |
| Date of publication, distribution, etc. | 2000 |
| 300 ## - PHYSICAL DESCRIPTION | |
| Extent | 63 s. |
| Other physical details | fareb. fotogr. |
| Dimensions | 20 cm |
| 490 1# - SERIES STATEMENT | |
| Series statement | Farebné balkóny |
| 500 ## - GENERAL NOTE | |
| General note | Rozlož. fotogr. na tit. strane |
| 500 ## - GENERAL NOTE | |
| General note | Údaj o prekl. prevzatý z tiráže |
| 504 ## - BIBLIOGRAPHY, ETC. NOTE | |
| Bibliography, etc. note | Slov.-lat. ekvivalenty. Reg. |
| 650 07 - SUBJECT ADDED ENTRY--TOPICAL TERM | |
| Topical term or geographic name entry element | balkónové rastliny |
| Source of heading or term | SNKPH |
| 655 #7 - INDEX TERM--GENRE/FORM | |
| Genre/form data or focus term | príručky |
| Source of term | SNKPH |
| 700 1# - ADDED ENTRY--PERSONAL NAME | |
| Personal name | Gemke, Marlene |
| Relationship | ill |
| 700 1# - ADDED ENTRY--PERSONAL NAME | |
| Personal name | Jakubičková, Mária |
| Relationship | trl |
| 700 1# - ADDED ENTRY--PERSONAL NAME | |
| Personal name | Katriaková, Jana |
| Relationship | trl |
| 730 ## - ADDED ENTRY--UNIFORM TITLE | |
| Uniform title | Balkonblumen- Farbenpracht |
| 830 #0 - SERIES ADDED ENTRY--UNIFORM TITLE | |
| Uniform title | Farebné balkóny |
| 942 ## - ADDED ENTRY ELEMENTS (KOHA) | |
| Source of classification or shelving scheme | Dewey Decimal Classification |
| Koha item type | Odborná literatúra pre dospelých |
| Suppress in OPAC | No |
| Stav vyradenia | Strata | Poškodenie | Spôsob nadobudnutia | Domovská knižnica | Aktuálna knižnica | Dátum nadobudnutia | Total checkouts | Čiarový kód exemplára | Date last seen | Typ exemplára |
|---|---|---|---|---|---|---|---|---|---|---|
| Dar | Obecná knižnica Turčianska Štiavnička | Obecná knižnica Turčianska Štiavnička | 13.05.2026 | 4738001248 | 13.05.2026 | Odborná literatúra pre dospelých |
